000 01019nam a2200289 a 4500
001 BRCA_361
005 20190320202956.0
008 910819s1992 dcuab bc 001 0 eng
020 _a0824814371 (alk. paper)
020 _a0824814363 (pbk. : alk. paper)
040 _aDLC
_cDLC
_dDLC
050 4 _aNK4168.S4
_b.C67 1992
100 1 _aCort, Louise Allison
_d1944-
_91208
245 1 0 _aSeto and Mino Ceramics
_cLouise Allison Cort.
260 _aWashington, D.C.
_bFreer Gallery of Art, Smithsonian Institution
_c1992
300 _a254 p.
_bil. (algunas a color), mapas
_c29 cm.
440 0 _aJapanese Collections in the Freer Gallery of Art
_91209
500 _aIncluye índice
500 _aDonación Fundación Japón
504 _aBibliografía: p. 230-232.
610 2 4 _aFreer Gallery of Art
_xCatálogos
_91210
650 1 4 _aCerámica de Seto
_xCatálogos
_91211
650 1 4 _aCerámica de Mino
_xCatálogos
_91212
650 1 4 _aCerámica
_xCatálogos
_zWashington (D.C.)
_91213
902 _aDFJ
942 _2lcc
_cB
999 _c298
_d298